Անցեք բովանդակությանը

Преддипломная практика методические указания

Методические указания по прохождению преддипломной практики составлены в соответствии с требованиями образовательной программы подготовки обучающихся по направлению 38.03.04 Государственное и муниципальное управление. В методических указаниях описывается структура и содержание преддипломной практики...

Ամբողջական նկարագրություն

Պահպանված է:
Մատենագիտական մանրամասներ
Ձևաչափ: Книга
Լեզու:Russian
Հրապարակվել է: Самара СамГАУ 2018
Առցանց հասանելիություն:https://e.lanbook.com/book/123607
https://e.lanbook.com/img/cover/book/123607.jpg
Ցուցիչներ: Ավելացրեք ցուցիչ
Չկան պիտակներ, Եղեք առաջինը, ով նշում է այս գրառումը!
LEADER 01597nam0a2200241 i 4500
001 123607
003 RuSpLAN
005 20221220174032.0
008 221220s2018 ru gs 000 0 rus
040 |a RuSpLAN 
041 0 |a rus 
044 |a ru 
080 |a 378.147.88 
084 |a 60.82  |2 rubbk 
245 0 0 |a Преддипломная практика  |b методические указания 
260 |a Самара  |b СамГАУ  |c 2018 
300 |a 30 с. 
504 |a Библиогр.: доступна в карточке книги, на сайте ЭБС Лань 
520 8 |a Методические указания по прохождению преддипломной практики составлены в соответствии с требованиями образовательной программы подготовки обучающихся по направлению 38.03.04 Государственное и муниципальное управление. В методических указаниях описывается структура и содержание преддипломной практики, приводятся примеры типовых заданий на практику, определяется структура отчетности по практике. 
521 8 |a Книга из коллекции СамГАУ - Экономика и менеджмент 
856 4 |u https://e.lanbook.com/book/123607 
856 4 8 |u https://e.lanbook.com/img/cover/book/123607.jpg 
953 |a https://e.lanbook.com/img/cover/book/123607.jpg 
Cannot write session to /tmp/vufind_sessions/sess_p39k5dk9pslr0r8k5sf4j7p5d1